01701nam a22002537a 4500003000900000008004100009040007100050082002300121110003900144245010000183260003200283300002800315440008200343505078800425650002901213650002201242650001001264650003701274650001101311650002801322700001801350700002401368710005501392AR-CdUCM190425b ||||| |||| 00| 0 spa d aMUNICIPALIDAD PROVINCIAL DEL CUSCOcBIBLIOTECA MUNICIPAL DEL CUSCO aRev.DIMA/N°2/1937 aInstituto Arqueológico del Cuzco aRevista del Instituto Arqueológico /cLuis A. Pardo, director, Universidad Nacional del Cusco aCusco :bH.G. Rozas,c1937. a98 páginas. :c21 cm. aRevista del Instituto Arqueológico.nAño II, primer semestre, 1937. N°2. aContenido: Arqueología. -- Exposición de las ruinas del Santuario de Huiraccocha. Luis A. Pardo. -- Crónicas de Chumbivilcas apuntes de mi diario de viaje. Luis Márquez Eyzaguirre. -- Historia. -- Doña Leonor de Soto. Juan A. Casanova. -- El Congreso Confederal de 1837. Julián Santisteban Ochoa. -- Imprescriptibles títulos de los Derechos del Perú a las regiones territoriales que nos disputa la vecina República del Ecuador. Ambrosio Morales. -- El Chasqui. Maximiliano Rendón. -- Ruindad del compadre. Ángel Carreño. -- Antropología. -- Notas sobre la Antropología. Víctor M. Pilares Polo. -- Filología. -- Aportes para una gramática cjeswa. S. Astete Ch. -- Arte. -- La música en el Perú y el maestro Alberto Villalba Muñiz. S. Astete Ch. aArqueología cusqueña aArquitectura Inka aInkas aConfederación Perú boliviana aRaqchi aCentros arqueológicos aPardo, Luis A aCarreño, Ángel  aUniversidad Nacional de San Antonio Abad del Cusco